|
|
|
|
| LEADER |
00000nam0a2200000 4500 |
| 001 |
286447 |
| 005 |
20231101235908.0 |
| 035 |
|
|
|a (RuTPU)RU\TPU\book\310759
|
| 090 |
|
|
|a 286447
|
| 100 |
|
|
|a 20150305d1970 k y0rusy50 ca
|
| 101 |
0 |
|
|a rus
|
| 102 |
|
|
|a RU
|
| 105 |
|
|
|a a z 001zy
|
| 200 |
1 |
|
|a Радиационная дефектоскопия
|f под ред. В. И. Горбунова
|
| 210 |
|
|
|a Москва
|c Изд-во ЦНИИТЭИ приборостроения
|d 1970
|
| 215 |
|
|
|a 156 с.
|c ил.
|
| 320 |
|
|
|a Библиография в конце глав
|
| 606 |
|
|
|a Дефектоскопия радиационная
|2 stltpush
|3 (RuTPU)RU\TPU\subj\9377
|9 36636
|
| 610 |
1 |
|
|a интроскопия
|
| 610 |
1 |
|
|a сварка
|
| 610 |
1 |
|
|a дефекты
|
| 610 |
1 |
|
|a надежность
|
| 610 |
1 |
|
|a расчет
|
| 610 |
1 |
|
|a бетатроны
|
| 610 |
1 |
|
|a цифровое моделирование
|
| 610 |
1 |
|
|a погрешности
|
| 610 |
1 |
|
|a радиоизотопы
|
| 610 |
1 |
|
|a применение
|
| 610 |
1 |
|
|a радиография
|
| 610 |
1 |
|
|a гамма-дефектоскопия
|
| 675 |
|
|
|a 620.179.152
|v 3
|
| 702 |
|
1 |
|a Горбунов
|b В. И.
|4 340
|
| 801 |
|
1 |
|a RU
|b 63413507
|c 20150305
|
| 801 |
|
2 |
|a RU
|b 63413507
|c 20230411
|g RCR
|
| 942 |
|
|
|c BK
|